000 00229nam a2200097Ia 4500
008 120527s9999 xx 000 0 und d
100 _aNSMA
245 _aThe Nigerian stock market Annual
260 _bWAPIC Ins. Plc.
942 _cBK
999 _c23557
_d23557